| 000 | 00761cab a2200277 4500 | ||
|---|---|---|---|
| 001 | ABS57649 | ||
| 008 | 090401t1997 xxu||||| |||| 00| 0 eng d | ||
| 035 | _a(Sirsi) u80823 | ||
| 041 | _aeng | ||
| 100 | _aNicholson, D. | ||
| 245 | _aTide begins to turn for French investments | ||
| 260 | _c1997 | ||
| 350 | _a0 | ||
| 490 |
_aEuroProperty _v6(5) September 1997, 8-9(2) |
||
| 520 | _aOverview of the Paris property investment market which is moving from distressed debt to equity. | ||
| 650 | _aPROPERTY-COMMERCIAL PROPERTY | ||
| 650 | _aDISTRESSED DEBT | ||
| 650 | _aEQUITIES | ||
| 650 | _aFRANCE | ||
| 650 | _aINVESTMENT MARKET | ||
| 650 | _aOFFICES | ||
| 650 | _aPARIS | ||
| 690 | _aOVERSEAS-EUROPE | ||
| 942 | _n0 | ||
| 948 | _c12/09/1997 | ||
| 999 |
_c50903 _d50903 |
||